000 00910nam a2200265 i 4500
001 105070
003 ES-MaACL
005 20260115063027.0
007 t|
008 060609s1966 fr ||||1| fre d
080 _a929 Eichmann, Adolf
080 _a94(=411.16:4)"1939/45"
080 _a323.12(=411.16:430)"1933/45"
100 1 _aArendt, Hannah,
_d1906-1975
_9242687
245 1 0 _aEichmann á Jérusalem
_b: rapport sur la banalité du mal /
_cHannah Arendt ; traduit de l'anglais par Anne Guérin.
260 _aParis :
_bGallimard,
_c[1966]
300 _a335 p. ;
_c21 cm.
500 _aBiblioteca Jacinto Martínez Lacalle.
600 1 4 _aEichmann, Adolf.
_946812
650 1 4 _aJudíos-
_zEspaña-
_y1939-1945.
_913984
650 1 4 _aAntisemitismo-
_zAlemania-
_y1933-1945.
_99859
700 1 _aGuérin, Anne.
_960463
852 _aES-MaACL
_jE-11257
_bR.139144
999 _c105070
_d105070